<?xml version="1.0" encoding="UTF-8"?>
<collection xmlns="http://www.loc.gov/MARC21/slim">
 <record>
  <leader>02744nas a22004937a 4500</leader>
  <controlfield tag="001">000070064</controlfield>
  <controlfield tag="003">CZ-PrVSE</controlfield>
  <controlfield tag="005">20091119094443.0</controlfield>
  <controlfield tag="008">040114c19009999gw wr|p|r     0    0ger d</controlfield>
  <datafield tag="022" ind1=" " ind2=" ">
   <subfield code="a">0012-1304</subfield>
   <subfield code="l">0012-1304</subfield>
  </datafield>
  <datafield tag="040" ind1=" " ind2=" ">
   <subfield code="a">ABA006</subfield>
   <subfield code="b">cze</subfield>
   <subfield code="c">ABA006</subfield>
   <subfield code="d">ABA006</subfield>
  </datafield>
  <datafield tag="072" ind1=" " ind2="7">
   <subfield code="a">330.5+338</subfield>
   <subfield code="x">Národní hospodářství a hospodářská politika</subfield>
   <subfield code="2">Konspekt</subfield>
   <subfield code="9">4</subfield>
  </datafield>
  <datafield tag="072" ind1=" " ind2="9">
   <subfield code="a">339</subfield>
   <subfield code="x">Macroeconomics and related topics</subfield>
   <subfield code="2">Conspectus</subfield>
   <subfield code="9">4</subfield>
  </datafield>
  <datafield tag="080" ind1=" " ind2=" ">
   <subfield code="a">070</subfield>
   <subfield code="2">MRF</subfield>
  </datafield>
  <datafield tag="080" ind1=" " ind2=" ">
   <subfield code="a">070.486</subfield>
   <subfield code="2">MRF</subfield>
  </datafield>
  <datafield tag="080" ind1=" " ind2=" ">
   <subfield code="a">339.9</subfield>
   <subfield code="2">MRF</subfield>
  </datafield>
  <datafield tag="080" ind1=" " ind2=" ">
   <subfield code="a">338.1(100)</subfield>
   <subfield code="2">MRF</subfield>
  </datafield>
  <datafield tag="222" ind1=" " ind2="0">
   <subfield code="a">Wochenbericht</subfield>
  </datafield>
  <datafield tag="245" ind1="0" ind2="0">
   <subfield code="a">Wochenbericht</subfield>
  </datafield>
  <datafield tag="246" ind1="3" ind2="3">
   <subfield code="a">DIW Wochenbericht</subfield>
  </datafield>
  <datafield tag="246" ind1="3" ind2="3">
   <subfield code="a">Deutsches Institut für Wirtschaftsforschung Wochenbericht</subfield>
  </datafield>
  <datafield tag="260" ind1=" " ind2=" ">
   <subfield code="a">Berlin :</subfield>
   <subfield code="b">Duncker &amp; Humblot,</subfield>
   <subfield code="c">1900-</subfield>
  </datafield>
  <datafield tag="310" ind1=" " ind2=" ">
   <subfield code="a">1x týdně</subfield>
  </datafield>
  <datafield tag="650" ind1="0" ind2="7">
   <subfield code="a">světová ekonomika</subfield>
   <subfield code="7">ph116359</subfield>
   <subfield code="2">czenas</subfield>
  </datafield>
  <datafield tag="650" ind1="0" ind2="7">
   <subfield code="a">ekonomický růst</subfield>
   <subfield code="7">ph114429</subfield>
   <subfield code="2">czenas</subfield>
  </datafield>
  <datafield tag="650" ind1="0" ind2="7">
   <subfield code="a">hospodářská politika</subfield>
   <subfield code="7">ph114701</subfield>
   <subfield code="2">czenas</subfield>
  </datafield>
  <datafield tag="655" ind1=" " ind2="7">
   <subfield code="a">časopisy</subfield>
   <subfield code="7">fd133947</subfield>
   <subfield code="2">czenas</subfield>
  </datafield>
  <datafield tag="650" ind1="0" ind2="9">
   <subfield code="a">world economics</subfield>
   <subfield code="2">eczenas</subfield>
  </datafield>
  <datafield tag="650" ind1="0" ind2="9">
   <subfield code="a">economic development</subfield>
   <subfield code="2">eczenas</subfield>
  </datafield>
  <datafield tag="650" ind1="0" ind2="9">
   <subfield code="a">economic policy</subfield>
   <subfield code="2">eczenas</subfield>
  </datafield>
  <datafield tag="655" ind1=" " ind2="9">
   <subfield code="a">journals</subfield>
   <subfield code="2">eczenas</subfield>
  </datafield>
  <datafield tag="710" ind1="2" ind2=" ">
   <subfield code="a">Deutsches Institut für Wirtschaftsforschung</subfield>
   <subfield code="7">ko2002152169</subfield>
  </datafield>
  <datafield tag="910" ind1=" " ind2=" ">
   <subfield code="a">ABA006</subfield>
   <subfield code="b">B1454</subfield>
   <subfield code="r">1975-81</subfield>
   <subfield code="t">p</subfield>
  </datafield>
  <datafield tag="993" ind1=" " ind2=" ">
   <subfield code="a">000018990</subfield>
  </datafield>
  <datafield tag="996" ind1=" " ind2=" ">
   <subfield code="1">PTOCN</subfield>
   <subfield code="3">B1454</subfield>
   <subfield code="5">70064-10</subfield>
   <subfield code="7">Jg. 42, H. 1-52 (1975)</subfield>
   <subfield code="8">20051201</subfield>
   <subfield code="a">1975</subfield>
   <subfield code="b">42</subfield>
   <subfield code="c">1-52</subfield>
   <subfield code="f">95</subfield>
   <subfield code="h">Jg. 42, H. 1-52 (1975)</subfield>
   <subfield code="l">UEP01</subfield>
   <subfield code="m">ISSBD</subfield>
   <subfield code="q">Točná</subfield>
   <subfield code="t">prezenční - lze objednat</subfield>
   <subfield code="u">UEP01</subfield>
  </datafield>
  <datafield tag="996" ind1=" " ind2=" ">
   <subfield code="1">PTOCN</subfield>
   <subfield code="3">B1454</subfield>
   <subfield code="5">70064-20</subfield>
   <subfield code="7">Jg. 43, H. 1-52 (1976)</subfield>
   <subfield code="8">20051201</subfield>
   <subfield code="a">1976</subfield>
   <subfield code="b">43</subfield>
   <subfield code="c">1-52</subfield>
   <subfield code="f">95</subfield>
   <subfield code="h">Jg. 43, H. 1-52 (1976)</subfield>
   <subfield code="l">UEP01</subfield>
   <subfield code="m">ISSBD</subfield>
   <subfield code="q">Točná</subfield>
   <subfield code="t">prezenční - lze objednat</subfield>
   <subfield code="u">UEP01</subfield>
  </datafield>
  <datafield tag="996" ind1=" " ind2=" ">
   <subfield code="1">PTOCN</subfield>
   <subfield code="3">B1454</subfield>
   <subfield code="5">70064-30</subfield>
   <subfield code="7">Jg. 44, H. 1-52 (1977)</subfield>
   <subfield code="8">20051201</subfield>
   <subfield code="a">1977</subfield>
   <subfield code="b">44</subfield>
   <subfield code="c">1-52</subfield>
   <subfield code="f">95</subfield>
   <subfield code="h">Jg. 44, H. 1-52 (1977)</subfield>
   <subfield code="l">UEP01</subfield>
   <subfield code="m">ISSBD</subfield>
   <subfield code="q">Točná</subfield>
   <subfield code="t">prezenční - lze objednat</subfield>
   <subfield code="u">UEP01</subfield>
  </datafield>
  <datafield tag="996" ind1=" " ind2=" ">
   <subfield code="1">PTOCN</subfield>
   <subfield code="3">B1454</subfield>
   <subfield code="5">70064-40</subfield>
   <subfield code="7">Jg. 45, H. 1-52 (1978)</subfield>
   <subfield code="8">20051201</subfield>
   <subfield code="a">1978</subfield>
   <subfield code="b">45</subfield>
   <subfield code="c">1-52</subfield>
   <subfield code="f">95</subfield>
   <subfield code="h">Jg. 45, H. 1-52 (1978)</subfield>
   <subfield code="l">UEP01</subfield>
   <subfield code="m">ISSBD</subfield>
   <subfield code="q">Točná</subfield>
   <subfield code="t">prezenční - lze objednat</subfield>
   <subfield code="u">UEP01</subfield>
  </datafield>
  <datafield tag="996" ind1=" " ind2=" ">
   <subfield code="1">PTOCN</subfield>
   <subfield code="3">B1454</subfield>
   <subfield code="5">70064-50</subfield>
   <subfield code="7">Jg. 46, H. 1-52 (1979)</subfield>
   <subfield code="8">20051201</subfield>
   <subfield code="a">1979</subfield>
   <subfield code="b">46</subfield>
   <subfield code="c">1-52</subfield>
   <subfield code="f">95</subfield>
   <subfield code="h">Jg. 46, H. 1-52 (1979)</subfield>
   <subfield code="l">UEP01</subfield>
   <subfield code="m">ISSBD</subfield>
   <subfield code="q">Točná</subfield>
   <subfield code="t">prezenční - lze objednat</subfield>
   <subfield code="u">UEP01</subfield>
  </datafield>
  <datafield tag="996" ind1=" " ind2=" ">
   <subfield code="1">PTOCN</subfield>
   <subfield code="3">B1454</subfield>
   <subfield code="5">70064-60</subfield>
   <subfield code="7">Jg. 47, H. 1-52 (1980)</subfield>
   <subfield code="8">20051201</subfield>
   <subfield code="a">1980</subfield>
   <subfield code="b">47</subfield>
   <subfield code="c">1-52</subfield>
   <subfield code="f">95</subfield>
   <subfield code="h">Jg. 47, H. 1-52 (1980)</subfield>
   <subfield code="l">UEP01</subfield>
   <subfield code="m">ISSBD</subfield>
   <subfield code="q">Točná</subfield>
   <subfield code="t">prezenční - lze objednat</subfield>
   <subfield code="u">UEP01</subfield>
  </datafield>
  <datafield tag="996" ind1=" " ind2=" ">
   <subfield code="1">PTOCN</subfield>
   <subfield code="3">B1454</subfield>
   <subfield code="5">70064-70</subfield>
   <subfield code="7">Jg. 48, H. 1-14, 16-26 (1981)</subfield>
   <subfield code="8">20051201</subfield>
   <subfield code="a">1981</subfield>
   <subfield code="b">48</subfield>
   <subfield code="c">1-14, 16-26</subfield>
   <subfield code="f">95</subfield>
   <subfield code="h">Jg. 48, H. 1-14, 16-26 (1981)</subfield>
   <subfield code="l">UEP01</subfield>
   <subfield code="m">ISSBD</subfield>
   <subfield code="q">Točná</subfield>
   <subfield code="t">prezenční - lze objednat</subfield>
   <subfield code="u">UEP01</subfield>
  </datafield>
  <datafield tag="996" ind1=" " ind2=" ">
   <subfield code="1">PTOCN</subfield>
   <subfield code="3">B1454</subfield>
   <subfield code="5">70064-80</subfield>
   <subfield code="7">Jg. 48, H. 27-52 (1981)</subfield>
   <subfield code="8">20051201</subfield>
   <subfield code="a">1981</subfield>
   <subfield code="b">48</subfield>
   <subfield code="c">27-52</subfield>
   <subfield code="f">95</subfield>
   <subfield code="h">Jg. 48, H. 27-52 (1981)</subfield>
   <subfield code="l">UEP01</subfield>
   <subfield code="m">ISSBD</subfield>
   <subfield code="q">Točná</subfield>
   <subfield code="t">prezenční - lze objednat</subfield>
   <subfield code="u">UEP01</subfield>
  </datafield>
 </record>
</collection>
